000 02921cam a2200385Ii 4500
001 om184234456
003 EG-ScBUE
005 20260218150357.0
008 180817s2019 ua f 001 0 eng d
020 _a9789774169069
040 _aYDX
_beng
_erda
_cYDX
_dBDX
_dOCLCQ
_dYDXIT
_dOCLCF
_dCBY
_dVT2
_dOCLCO
_dOCL
_dEG-ScBUE
043 _ae-fr---
_aaw-----
082 0 4 _a070.92
_222
_bROU
100 1 _aRouleau, Eric,
_d1926-
_eauthor.
240 1 0 _aDans les coulisses du Proche-Orient.
_lEnglish.
245 1 0 _aTruths and lies in the Middle East :
_bmemoirs of a veteran journalist, 1952-2012 /
_cEric Rouleau ; foreword by Alain Gresh.
264 1 _aCairo ;
_aNew York
_bThe American University in Cairo Press,
_c2019.
300 _axix, 326 pages ;
_c24 cm
336 _atext
_btxt
_2rdacontent
337 _aunmediated
_bn
_2rdamedia
338 _avolume
_bnc
_2rdacarrier
500 _aIncludes index.
505 0 _aAcknowledgments -- Foreword: Éric Rouleau's empire / Alain Gresh-- Introduction -- Gamal Abd al-Nasser -- Egypt to the Egyptians -- The indispensable Torah -- My brother Ishmael -- The "Prussians" win out over the "Jews" -- The six-hour war -- The "liberal" occupation -- The survivor -- Missing peace -- The end of an era -- "De-Nasserization" -- War and diplomacy -- Lost illusions -- Update and renewal -- The Oslo deadlock -- Cassandra -- Index.
520 _aEric Rouleau was one of the most celebrated journalists of his generation, a status he owed to his extraordinary career, which began when Hubert Beuve-Méry, director of Le Monde, charged him with covering the Near and Middle East. In 1963, Rouleau was invited by Gamal Abd al-Nasser to interview him in Cairo, a move which was not lost on the young Rouleau--going through him, a young Egyptian Jew who had been exiled from Egypt in late 1951, shortly before the Free Officers coup, was a means to renew diplomatic ties with de Gaulle's France. This exclusive interview, which immediately made headlines around the world, propelled Rouleau into the center of the region's conflicts for two decades. Writing between Cairo and Jerusalem, Rouleau was a chief witness to the wars of 1967 and 1973, narrating their events from behind the scenes. He was to meet all the major players, including Nasser, Levi Ashkol, Moshe Dayan, Golda Meir, Yasser Arafat, Ariel Sharon, and Anwar Sadat, painting striking portraits of each. More than a memoir, his book presents a history, lived from the inside, of the Israel-Palestine conflict.
546 _aTranslated from the French.
600 1 7 _aRouleau, Eric,
_d1926-
650 7 _aJournalists
_zFrance
_vBiography.
_2BUEsh
650 7 _aJournalists
_zMiddle East
_vBiography.
_2BUEsh
650 7 _aArab-Israeli conflict.
_2BUEsh
653 _cFebruary2026
_bCOMAME
655 _vReading book
700 1 _aGresh, Alain,
_ewriter of foreword.
942 _2ddc
_cBB
999 _c31146
_d31117